00329nam a2200121Ia 4500008004100000020001800041041000800059082002800067100002100095245003400116260004800150300000900198230411s9999 xx 000 0 und d a81-7042-008-3 aeng aOG/618.1/HOW/BOU/B00140 aHowkins & Bourne aShaws Textbook of Gynaecology bB I Churchill Living StoneaNew Delhic1989 a595p